Statistics for NPB歴代交流戦首位打者

Click here to take the quiz!

General Stats

  • This quiz has been taken 97 times
    (57 since last reset)
  • The average score is 9 of 18

Answer Stats

年度チームAnswer% Correct
2023ソフトバンク近藤健介
77%
2014ヤクルト山田哲人
70%
2017広島丸佳浩
68%
2015西武秋山翔吾
68%
2022オリックス杉本裕太郎
66%
2021中日ビシエド
64%
2008阪神金本知憲
59%
2012ロッテ角中勝也
57%
2013ソフトバンク長谷川裕也
57%
2018ロッテ角中勝也
57%
2016ソフトバンク城所龍磨
55%
2006ソフトバンク松中信彦
48%
2009日本ハム高橋信二
43%
2019オリックス中川圭太
36%
2010ソフトバンク多村仁志
30%
2011オリックス坂口智隆
30%
2007ロッテベニー
18%
2005西武石井義人
9%

Score Distribution

Percentile by Number Answered

Percent of People with Each Score

Your Score History

You have not taken this quiz since the last reset